Os prazos no código de processo civil : (Record no. 1175)

MARC details
000 -LÍDER
Campo Fixo de Controle 00785nam a2200253 a 4500
001 - NÚMERO DE CONTROLE
Campo de Controle 1175
003 - IDENTIFICAÇÃO DO NÚMERO DE CONTROLE
Campo de Controle BR-CuiBMT
005 - DATA E HORA DA ÚLTIMA ATUALIZAÇÃO
Campo de Controle 20231130192749.0
008 - DADOS FIXOS
Dados Fixos 231124s1991 spb 001 0 por d
020 ## - INTERNATIONAL STANDARD BOOK NUMBER
Nº do ISBN 8520309682
040 ## - AGÊNCIA CATALOGADORA
Código da Agência Catalogadora BR-CuiBMT
Agência que transcreveu o registro BR-CuiBMT
080 ## - Nº DA CLASSIFICAÇÃO DECIMAL UNIVERSAL
Nº edição CDU 2007
Nº Class. CDU 347.923
090 ## - NÚMERO DE CHAMADA
Nº classificação 347.923
Cutter S192p
Ano/Edição 4. ed.
100 1# - ENTRADA PRINCIPAL -- AUTOR PESSOAL
Nome pessoal Sampaio, José S.
245 13 - TÍTULO PRINCIPAL
Título principal Os prazos no código de processo civil :
Subtítulo comentários, tabelas, jurisprudência, sumulas /
Indicação de responsabilidade José S. Sampaio.
250 ## - EDIÇÃO
Edição 4. ed., rev. e aument.
260 ## - PUBLICAÇÃO, DISTRIBUIÇÃO, ETC.
Local de publicação São Paulo :
Editora Malheiros,
Data 2003.
300 ## - DESCRIÇÃO FÍSICA
N. páginas ou volumes 304 p. ;
Dimensões 21 cm
504 ## - NOTA DE BIBLIOGRAFIA, ETC.
Nota de bibliografia Inclui bibliografia e índice.
650 ## - ASSUNTO TÓPICO
Cabeçalho tópico ou nome geográfico Prazos (Direito)
Subdivisão geográfica Brasil
650 ## - ASSUNTO TÓPICO
Cabeçalho tópico ou nome geográfico Prescrição (Direito)
Subdivisão geográfica Brasil
650 ## - ASSUNTO TÓPICO
Cabeçalho tópico ou nome geográfico Processo civil
Subdivisão geográfica Brasil
942 ## - ELEMENTOS DE ENTRADA ADICIONAIS (KOHA)
Fonte de classificação ou esquema de arquivamento Classificação Decimal Universal
Tipo de item do Koha Livros
Holdings
Estado: removido Estado: perdido Fonte de classificação ou esquema de arquivamento Estado: danificado Indisponível para empréstimo Localização permanente Localização atual Data de aquisição Total Checkouts Número de Chamada completo Código de barras Date last seen Número do exemplar Preço efetivo a partir de Tipo de item (Koha)
    Classificação Decimal Universal     Biblioteca da Escola Superior de Contas do TCE/MT Biblioteca da Escola Superior de Contas do TCE/MT 30/11/2023   347.923 S192p 4. ed. BIBTCEMT23111396 30/11/2023 Ex. 1 30/11/2023 Livros

Powered by Koha